| 000 | 01584cam a2200241 a 4500 | ||
|---|---|---|---|
| 020 | _a9789251060599 | ||
| 020 | _a9251060592 | ||
| 040 | _cBTCTA | ||
| 082 | _a630 FOO 2008 A054 Or. | ||
| 245 | 0 | 0 |
_aScoping Agriculture, Wetland Interactions : _btowards a Sustainable Multiple-response Strategy / |
| 260 |
_aRome : _bFood and Agriculture Organization of the United Nations, _c2008. |
||
| 300 |
_axviii, 155 p. : _bill. ; _c30 cm. + _e1 CD-ROM (4 3/4 in.) |
||
| 490 | 1 | _aFAO water reports, | |
| 500 | _a"TC/M/10314E/1/09.08/2100"--P. [4] of cover. | ||
| 500 | _aCDROM contains database which has been used in the FAO Water Report no. 33 "Scoping agriculture-wetlands interactions. Towards a sustainable multiple-response strategy". | ||
| 520 | _aAgriculture is identified as the main cause of wetland degradation and loss. Using a drivers, pressures, state changes, impacts and responses (DPSIR) framework to analyze 90 cases drawn from all parts of the world and all wetland types, this report assesses the character of agriculture - wetlands interactions (AWIs) and their impacts in socio-economic and ecosystem services terms. The report is a technical framework that is used to scope out the relevance and nature of AWIs, identify responses, identify opportunities and set out guidelines. The accompanying CD-ROM contains the DPSIR database and tutors.--Publisher's description. | ||
| 650 | 0 | _aLand use | |
| 650 | 0 | _aWetland agriculture. | |
| 650 | 0 | _aAgricultural landscape management. | |
| 700 | 1 | _aWood, Adrian P. | |
| 700 | 1 | _aHalsema, Gerardo E. van. | |
| 942 | _cEK | ||
| 999 |
_c15102 _d15102 |
||